| 000 | 00379nam a2200109Ia 4500 | ||
|---|---|---|---|
| 008 | 171204s9999 xx 000 0 und d | ||
| 245 | 4 | _aThe Diploma In Child Health: Volume 2: A Practical Study Guide | |
| 245 | _cAnil Garg and Siba Paul | ||
| 260 | _c2014 | ||
| 650 | _xSPED 4-5 Observational Child Study | ||
| 856 | _uhttp://down.ebook777.com/027/TheDipInChiHeaVol2APraStuGui.pdf | ||
| 999 |
_c346598 _d346598 |
||